000 00644nam a2200229Ia 4500
003 OSt
005 20220918204316.0
006 a|||||r|||| 00| 0
007 ta
008 220917b |||||||| |||| 00| 0 eng d
024 _a112,016
037 _cTextual
040 _aARTS
_cARTS
_beng
041 _2eng
_aeng
082 _aV52:1:H9, K6
100 _aBaron Hans
_9111493
245 0 _aCrisis of the early Italian renaissance
_b civic humanism and republican liberty in an age of classicism and Tyranny
260 _c1966
650 _aHISTORY
942 _hV52:1:H9, K6
_cTEXL
_2CC
999 _c235365
_d235365